Pesona pencinta buku

Bibliographic Details
Other Authors: Abu Hassan Hasbullah, Ali Dina Khairusy Syakirin Has-Yun Hashim, Nal Azri Nawawi, Shaharom TM Sulaiman
Format: Book
Published: Kuala Lumpur : Anzagain , 2006
Subjects:

MARC

LEADER 00000cam a2200000 7i4500
001 0000017277
005 20080514.0
008 080514
020 |a 9830372146 
090 0 0 |a 028.9   |b PES 
245 1 0 |a Pesona pencinta buku   |c penyelenggara Shaharom TM Sulaiman... 
260 |a Kuala Lumpur :   |b Anzagain ,   |c 2006 
650 0 |a Books and reading 
650 0 |a Books and reading   |x Congresses 
700 1 |a Abu Hassan Hasbullah 
700 1 |a Ali Dina Khairusy Syakirin Has-Yun Hashim 
700 1 |a Nal Azri Nawawi 
700 1 |a Shaharom TM Sulaiman 
999 |a 0001017171   |b Book   |c Adult Collection   |e Cawangan Tmn. Ungku Tun Aminah 
999 |a 0001086803   |b Book   |c Adult Collection   |e Cawangan Bandar Tenggara